| 000 | 00588nam a22001817a 4500 | ||
|---|---|---|---|
| 003 | OSt | ||
| 005 | 20251024004752.0 | ||
| 008 | 251001b |||||||| |||| 00| 0 eng d | ||
| 020 | _a971-0459-44-5. | ||
| 040 |
_aDWCL-Main lib. _cOC |
||
| 082 | _aFil. 363.25 G216o 2009 | ||
| 100 | _aGarcia, Mario A. | ||
| 245 |
_aOrganized crime investigation : _ba lecture series for criminal justice students and practitioner |
||
| 260 |
_aQuezon City : _bWiseman's Books Trading, _cc2009. |
||
| 300 |
_aix, 406 pages ; _c22 cm. |
||
| 650 | _21. Criminal investigation. | ||
| 942 |
_2ddc _cBK - FIL _kFil. _n0 |
||
| 999 |
_c4615 _d4615 |
||